| Поле | Инд. | ПП | Название | Значение |
|---|---|---|---|---|
| Тип записи | a | |||
| Библиографический уровень | a | |||
| 001 | Контрольный номер | 6646986e26554e2db3b73c905752c2ef | ||
| 005 | Дата корректировки | 20181019224746.4 | ||
| 100 | a | Данные общей обработки | 20171002 ||| 0rusy0189 ca | |
| 101 | 0_ | a | Язык текста | rus |
| 102 | a | Страна публикации | RU | |
| 200 | 1_ | f | Первые сведения об ответственности | А.А. Головина |
| a | Заглавие | Дефекты законодательной техники как препятствие обыденному толкованию права | ||
| b | Общее обозначение материала | Электронный ресурс | ||
| 210 | 1_ | d | Дата издания | 2017 |
| 461 | _0 | 1 | 2000 | |
| a | Журнал российского права | |||
| 463 | _0 | 1 | 2000 | |
| 8 | ||||
| v | №4.- С. 16-26 | |||
| 1 | 2101 | |||
| d | 2017 | |||
| 1 | 001737ef82a4f5a42ac805a32236467f3d9 | |||
| 610 | 0_ | a | Ключевые слова | ТЕОРИЯ ПРАВА; ЮРИДИЧЕСКАЯ ТЕХНИКА; ЗАКОНОДАТЕЛЬНАЯ ТЕХНИКА; ТОЛКОВАНИЕ ПРАВА; ЗАКОНОПРОЕКТ |
| 700 | _1 | a | Фамилия | Головина |
| b | Имя | А.А. | ||
| 801 | _0 | a | Страна | RU |
| b | Организация | РГУП | ||
| c | Дата составления | 20171002 | ||
| g | Правила каталогизации | PSBO | ||
| 801 | _1 | a | Страна | RU |
| b | Организация | РГУП | ||
| c | Дата составления | 20171002 | ||
| g | Правила каталогизации | PSBO | ||
| 856 | u | URL | http://znanium.com/bookread2.php?book=882934 | |
| 901 | t | Тип документа | b | |
| w | Контрольный № источника | 737ef82a4f5a42ac805a32236467f3d9 | ||
| 905 | a | Дата ввода | 20180314 |